Science Quiz

Random Science or Chemistry Quiz

Can WD-40 Do That? Quiz Stats

 Plays Quiz Updated Mar 17, 2019

Score 0/24 Timer 05:00
0 Plays Today
Use Y/N % Correct
Clearing a bumper sticker from a car???
91.1%
Preventing snow buildup on a shovel???
88.2%
Erasing crayon from a wall???
83.3%
Separating fused Lego blocks???
82.6%
Whitening teeth???
81.2%
Clearing barnacles from a boat???
80.9%
Softening stiff leather???
80.9%
Removing paint transferred from another car???
80.7%
'Moonshine-pickling' cucumbers???
79.1%
Removing stuck spark plugs???
78.8%
Deterring wasp and yellow jacket colonies???
76.7%
Reducing an artificial Christmas tree's flammability???
74.5%
Use Y/N % Correct
Lifting lipstick stains from clothing???
71.9%
Preventing splintering of wooden tool handles???
71.3%
Making sunglasses UV-resistant???
70.2%
Getting gum out of one's hair???
64.7%
Soaking off the green husks of walnuts???
64.6%
Yellowing red tattoo ink???
63.2%
Relaxing a hair perm???
62.9%
Pitch-perfecting a piano???
58.2%
Protecting a bird feeder from squirrels???
56.4%
Keeping a candle melting evenly, reducing drips???
51.4%
Boosting an air conditioner's filter effectiveness???
46.9%
Delaying the deflation of a balloon???
44.4%

You're not logged in!

Compare scores with friends on all Sporcle quizzes.
OR
Log In

Sporcle TV

Today on Sporcle TV


Watch our educational content, quiz creation guides, and fun videos on Sporcle TV.

Show Comments

Extras

Top Quizzes Today


Score Distribution

Your Account Isn't Verified!

In order to create a playlist on Sporcle, you need to verify the email address you used during registration. Go to your Sporcle Settings to finish the process.

Report this User

Report this user for behavior that violates our Community Guidelines.

Details: